| 000 | 00903nam a2200229 i 4500 | ||
|---|---|---|---|
| 001 | 58844 | ||
| 003 | ES-MaACL | ||
| 005 | 20230906163913.0 | ||
| 008 | 031024s1968 sp |||| | spa d | ||
| 100 | 1 |
_aEgido, Teófanes. _946733 |
|
| 245 | 1 | 0 |
_aPrensa clandestina española del siglo XVIII _b: "El duende crítico" / _cTeófanes Egido López ; prólogo de L.M. Enciso. |
| 260 |
_aValladolid : _bFacultad de Filosofía y Letras, Departamento de Historia Moderna, _c1968. |
||
| 300 |
_a196 p. ; _c22 cm. |
||
| 490 | 1 |
_aEstudios y documentos ; _v24 |
|
| 630 | 3 | 4 |
_aEl Duende Crítico de Madrid. _9170618 |
| 650 | 4 |
_aPeriodismo- _zEspaña- _yS.XVIII. _9170845 |
|
| 700 | 1 |
_aEnciso Recio, Luis Miguel. _947191 |
|
| 710 | 2 |
_aUniversidad de Valladolid. _bFacultad de Filosofía y Letras. _97344 |
|
| 830 | 0 |
_aEstudios y documentos ; _v24 _9182659 |
|
| 852 |
_aES-MaACL _jG-6715 |
||
| 999 |
_c58844 _d58844 |
||